The throttlepenny murder

Bibliographic Details
Main Author: Green, Roger J
Format: Book
Published: Oxford : University Press , 1989
Subjects:

MARC

LEADER 00000cam a2200000 7i4500
001 0000001870
002 000002033
005 20000330.0
020 |a 0192716018 
090 0 0 |a JF   |b GRE 
100 1 |a Green, Roger J 
245 1 4 |a The throttlepenny murder   |c Roger J.Green 
260 |a Oxford :   |b University Press ,   |c 1989 
300 |a 197p. ;   |c 22cm. 
650 0 0 |a Thriller fiction 
999 |a 034975   |b BUKU   |c PINJAMAN   |e PERPUSTAKAAN KOMUNITI PETALING JAYA 
999 |a 034976   |b BUKU   |c PINJAMAN   |e PERPUSTAKAAN KOMUNITI PETALING JAYA 
999 |a 034977   |b BUKU   |c PINJAMAN   |e PERPUSTAKAAN KOMUNITI PETALING JAYA